Tabla de contenidos:
Պահպանված է:
| Ձևաչափ: | Գիրք |
|---|---|
| Լեզու: | Spanish |
| Ցուցիչներ: |
Ավելացրեք ցուցիչ
Չկան պիտակներ, Եղեք առաջինը, ով նշում է այս գրառումը!
|
MARC
| LEADER | 00000nam a22000007a 4500 | ||
|---|---|---|---|
| 003 | cru CIDCACS/IIS | ||
| 005 | 20230523134439.0 | ||
| 008 | 230523s2021 ag |||||r|||| 00| 0 spa d | ||
| 040 | |c cru CIDCACS/IIS | ||
| 245 | |a Tabla de contenidos: |c número 292, 2021 | ||
| 505 | |a Contenido: 1.Las batallas de Alberto Fernández / José Natanson. -- 2.El difícil resurgimiento de la izquierda en los Balcanes / Jean-Arnault Dérens. -- 3.Racismos latinoamericanos desde una perspectiva global / Peter Wade. -- 4.¿Por qué leer a W.E.B. Du Bois en América Latina? / José Itzigsohn. -- 5.Mestizaje y racismo en México / Olivia Gall. -- 6.El multiculturalismo a la brasileña y la reacción conservadora / Livio Sansone. -- 7.El fortín sitiado: progreso y racismo en Argentina / Guido Cordero. -- 8.Bolivia: el imaginario racial «blanco» bajo el gobierno de los «indios» / Rafael Loayza Bueno. -- 9.Lo bueno, lo malo y lo cholo: postales sobre el racismo desde el Perú (2017-2019) / Marco Avilés. -- 10.Wallmapu o las nuevas formas de la «peligrosidad mapuche» / Claudia Briones, Patricio Lepe-Carrión. -- 11.«El laberinto de la choledad», casi tres décadas después / Guillermo Nugent. -- 12.¿El fin de la sociedad de clases? / François Dubet | ||
| 773 | 0 | |0 19022 |9 8734 |a Fundación Friedrich Ebert |d Fundación Friedrich Ebert; Nueva Sociedad Buenos Aires, Argentina |o 23515 |t Nueva Sociedad / | |
| 942 | |2 ddc |c PP | ||
| 999 | |c 44988 |d 44988 | ||
